MARC details
| 000 -CABECERA |
| campo de control de longitud fija |
00795nam a2200241 a 4500 |
| 005 - FECHA Y HORA DE LA ÚLTIMA TRANSACCIÓN |
| campo de control |
20210219153559.0 |
| 008 - ELEMENTOS DE LONGITUD FIJA--INFORMACIÓN GENERAL |
| campo de control de longitud fija |
010522s1988 mx r 000 0 spa d |
| 020 ## - NÚMERO INTERNACIONAL NORMALIZADO PARA LIBROS |
| Número Internacional Estándar del Libro |
9687009152 |
| 035 ## - NÚMERO DE CONTROL DEL SISTEMA |
| Número de control de sistema |
UPN01000106660 |
| 049 ## - COLECCIÓN |
| Colección |
CG |
| 050 #4 - SIGNATURA TOPOGRÁFICA DE LA BIBLIOTECA DEL CONGRESO |
| Número de clasificación |
ND239 L35 |
| Número de documento/Ítem |
T6.8 |
| 100 1# - ASIENTO PRINCIPAL--NOMBRE PERSONAL |
| Nombre de persona |
Tovar de Teresa, Guillermo. |
| Fechas asociadas al nombre |
1956- |
| 245 13 - MENCIÓN DE TÍTULO |
| Título |
Un rescate de la fantasía. El arte de los Lagarto iluminadores novohispanos de los siglos XVI y XVII / |
| Mención de responsabilidad, etc. |
Guillermo Tovar de Teresa. |
| 260 ## - PUBLICACIÓN, DISTRIBUCIÓN, ETC. |
| Lugar de publicación, distribución, etc. |
México : |
| Nombre del editor, distribuidor, etc. |
El Equilibrista ; |
| Lugar de publicación, distribución, etc. |
Madrid : |
| Nombre del editor, distribuidor, etc. |
Turner, |
| Fecha de publicación, distribución, etc. |
1988 |
| 300 ## - DESCRIPCIÓN FÍSICA |
| Extensión |
239 p. : |
| Otras características físicas |
il., fots. |
| 650 #4 - ASIENTO SECUNDARIO DE MATERIA - TERMINO TEMATICO |
| Término de materia o nombre geográfico como elemento de entrada |
LAGARTO, LUIS |
| Fechas vigentes |
b. 1556 |
| 650 #4 - ASIENTO SECUNDARIO DE MATERIA - TERMINO TEMATICO |
| Término de materia o nombre geográfico como elemento de entrada |
LAGARTO, FAMILIA |
| 650 #4 - ASIENTO SECUNDARIO DE MATERIA - TERMINO TEMATICO |
| Término de materia o nombre geográfico como elemento de entrada |
ILUMINACION DE LIBROS Y MANUSCRITOS ESPAÑOLES. |
| 740 3# - ASIENTO SECUNDARIO - TÍTULOS RELACIONADOS /ANALITICOS NO CONTROLADOS |
| Título relacionado o analítico no controlado |
El arte de los Lagarto |
| 901 ## - ELEMENTOS DE DATOS A LOCAL LDA (RLIN) |
| a |
173550 |
| 902 ## - ELEMENTOS DE DATOS B LOCAL, LDB (RLIN) |
| Creó |
LG/PGV |
| 905 ## - TIPO DE MATERIAL |
| Tipo de material |
Libro |